| 000 | 00872nam a2200265 i 4500 | ||
|---|---|---|---|
| 003 | DO-SdBNP | ||
| 005 | 20240703113110.0 | ||
| 007 | ta | ||
| 008 | 240703s2023 dr o 001 0 spa d | ||
| 020 | _a9789945223361 | ||
| 040 |
_aDO-SdBNP _bspa _cBNPHU _erda |
||
| 082 |
_a070.4 _bB142m _222 |
||
| 100 | 1 |
_aBáez Guerrero, José, _d1958- _917125 _eautor |
|
| 245 | 1 | 4 |
_a¡Más es usted! : _b45 años de periodismo / _cJosé Báez Guerrero |
| 264 | 1 |
_aSanto Domingo : _bArte Tuto, _c2023. |
|
| 300 |
_a586 páginas, _bfotografías _c23 cm. |
||
| 336 |
_2rdacontent _atexto _btxt |
||
| 337 |
_2rdamedia _asin mediación _bn |
||
| 338 |
_2rdacarrier _avolumen _bnc |
||
| 500 | _aIncluye datos biográficos del autor en la solapa de la portada. | ||
| 500 | _aIncluye índice onomástico. | ||
| 590 | _aInventariado, 2024/ YL | ||
| 910 | _aYLockward | ||
| 942 |
_2ddc _cLBS1 |
||
| 999 |
_c57130 _d57130 |
||